[Event "World Blitz 2025"]
[Site "Doha QAT"]
[Date "2025.12.29"]
[Round "5.18"]
[White "Yakubboev, Nodirbek"]
[Black "Nihal, Sarin"]
[Result "0-1"]
[WhiteTitle "GM"]
[BlackTitle "GM"]
[WhiteElo "2691"]
[BlackElo "2701"]
[WhiteFideId "14203987"]
[BlackFideId "25092340"]
[EventDate "2025.12.29"]

1. Nf3 d5 2. g3 Nd7 3. d4 e6 4. Bg2 b5 5. a4 b4 6. c4 bxc3 7. Nxc3 Ngf6 8. O-O
Ba6 9. Qc2 Bd6 10. Rd1 O-O 11. e4 dxe4 12. Nxe4 Bb7 13. Nc5 Bd5 14. b4 h6 15.
Ne5 Nxc5 16. bxc5 Bxg2 17. cxd6 cxd6 18. Nxf7 Rxf7 19. Kxg2 Rc8 20. Qe2 Qd7 21.
Re1 Nd5 22. Kg1 Rf6 23. Be3 Rc3 24. a5 Nxe3 25. fxe3 Qc6 26. Ra2 Qe4 27. Rd2 Rf3
28. Qd1 Rfxe3 29. Rxe3 Rxe3 30. Kf2 Ra3 31. Qe2 Qf5+ 32. Kg2 Qd5+ 33. Kf2 Rxa5
34. Qd3 Ra2 35. Rxa2 Qxa2+ 36. Ke3 a5 37. Qg6 Qd5 38. h4 a4 39. h5 Qf5 40. Qe8+
Kh7 41. Qxa4 Qxh5 42. Qd7 Qg5+ 43. Kf3 Qd5+ 44. Ke3 Qb3+ 45. Kf4 Qd5 46. Ke3
Qg5+ 47. Kf3 Qf5+ 48. Ke3 d5 49. Qa7 Qe4+ 50. Kf2 Qc2+ 51. Kg1 Qd1+ 52. Kh2 Qe2+
53. Kh3 Qe4 54. Qe7 Qxd4 55. Qxe6 Qe4 56. Qc6 Qf5+ 57. Kg2 d4 58. Qc4 Qe4+ 59.
Kh2 Kg6 60. Qa6+ Kh7 61. Qc4 Kg6 62. Qa6+ Kf5 63. Qc8+ Qe6 64. Qf8+ Qf6 65. Qa8
Ke5 66. Qe8+ Kd5 67. Qb5+ Ke6 68. Qe8+ Kd6 69. Qe2 Qe5 70. Qa6+ Ke7 71. Qb7+ Kf6
72. Qc6+ Kf7 73. Qd7+ Kg6 74. Qc6+ Kg5 75. Qc1+ Kf6 76. Qc6+ Kf7 77. Qd7+ Kg8
78. Qc8+ Kf7 79. Qd7+ Kf6 80. Qc6+ Qe6 81. Qf3+ Ke7 82. Qb7+ Qd7 83. Qe4+ Kf8
84. Qd3 Qd5 85. Qa3+ Kg8 86. Qd3 Kh8 87. Kg1 Qe5 88. Kf2 Kg8 89. Qb3+ Kh7 90.
Qd3+ g6 91. Qb3 h5 92. Qf7+ Kh6 93. Qf8+ Kg5 94. Kg2 Qe4+ 95. Kh2 d3 96. Qd8+
Kg4 97. Qd7+ Kf3 98. Qf7+ Ke2 99. Kg1 d2 100. Qf1+ Ke3 0-1

[Event "World Blitz 2025"]
[Site "Doha QAT"]
[Date "2025.12.29"]
[Round "5.19"]
[White "Adhiban, Baskaran"]
[Black "Indjic, Aleksandar"]
[Result "0-1"]
[WhiteTitle "GM"]
[BlackTitle "GM"]
[WhiteElo "2557"]
[BlackElo "2635"]
[WhiteFideId "5018471"]
[BlackFideId "911925"]
[EventDate "2025.12.29"]

1. d4 Nf6 2. Nf3 d6 3. g3 g6 4. Bg2 Bg7 5. O-O O-O 6. c4 Bf5 7. Nc3 a5 8. Re1
Ne4 9. Nh4 Nxc3 10. bxc3 Bc8 11. Rb1 Nc6 12. Ba3 e5 13. c5 Re8 14. cxd6 cxd6 15.
dxe5 dxe5 16. Nf3 e4 17. Qxd8 Rxd8 18. Ng5 f5 19. Rec1 h6 20. Nh3 g5 21. f4 g4
22. Nf2 Rd2 23. e3 Rxa2 24. Bc5 a4 25. Bf1 Na5 26. h3 h5 27. hxg4 hxg4 28. Ra1
Be6 29. Rxa2 Bxa2 30. Ra1 Bb3 31. Bd4 Bf8 32. Kg2 a3 33. Be2 Nc4 34. Rb1 a2 35.
Rxb3 Na5 36. Rb5 a1=Q 37. Rxf5 Qa2 38. Bxg4 Nc6 39. Rg5+ Kf7 40. Bh5+ Ke7 41.
Bc5+ Kd7 42. Bg4+ Kc7 43. Bd4 Nxd4 44. cxd4 Qd2 45. Rf5 Ra2 46. Rf7+ Kb6 47.
Rf6+ Ka7 0-1

[Event "World Blitz 2025"]
[Site "Doha QAT"]
[Date "2025.12.29"]
[Round "5.20"]
[White "Grischuk, Alexander"]
[Black "Yilmaz, Mustafa"]
[Result "1-0"]
[WhiteTitle "GM"]
[BlackTitle "GM"]
[WhiteElo "2654"]
[BlackElo "2595"]
[WhiteFideId "4126025"]
[BlackFideId "6302718"]
[EventDate "2025.12.29"]

1. e4 e5 2. Nf3 Nc6 3. Bb5 a6 4. Ba4 Nf6 5. O-O Be7 6. Bxc6 dxc6 7. d3 Nd7 8.
Nc3 f6 9. Be3 Bd6 10. Nd2 Nf8 11. Nc4 Ne6 12. Nxd6+ cxd6 13. Qh5+ g6 14. Qh6 d5
15. exd5 cxd5 16. Ne2 Qe7 17. f4 Bd7 18. fxe5 fxe5 19. d4 e4 20. c4 Bc6 21. Nc3
O-O-O 22. cxd5 Bxd5 23. Bf4 Nxf4 24. Qxf4 Qc7 25. Nxd5 Rxd5 26. Rac1 1-0

[Event "World Blitz 2025"]
[Site "Doha QAT"]
[Date "2025.12.29"]
[Round "5.21"]
[White "Salinas Herrera, Pablo"]
[Black "Esipenko, Andrey"]
[Result "0-1"]
[WhiteTitle "GM"]
[BlackTitle "GM"]
[WhiteElo "2473"]
[BlackElo "2698"]
[WhiteFideId "3407128"]
[BlackFideId "24175439"]
[EventDate "2025.12.29"]

1. e4 e5 2. Nf3 Nc6 3. Nc3 Bb4 4. Bb5 Bxc3 5. bxc3 Nf6 6. Bxc6 bxc6 7. d3 d6 8.
O-O h6 9. Nd2 O-O 10. c4 Be6 11. Bb2 Nd7 12. f4 f6 13. Kh1 Qe7 14. Bc3 exf4 15.
Rxf4 d5 16. exd5 cxd5 17. Qe1 Qf7 18. Qg3 Kh7 19. Raf1 Rae8 20. h3 Qg6 21. Qf2
c5 22. Bb2 Re7 23. Ba3 Rc8 24. Re1 Ree8 25. Re3 Qf7 26. Rg3 Rc6 27. cxd5 Bxd5
28. c4 Ra6 29. Bxc5 Nxc5 30. Qxc5 Rxa2 31. Rf2 Re1+ 32. Kh2 Raa1 33. Rg4 Be6 34.
Re4 Rh1+ 35. Kg3 Qg6+ 36. Kf3 Bf5 37. Re7 Bxd3 38. Qd4 Bf5 39. Rfe2 Bxh3 40. Rc7
Ra3+ 41. Re3 Qxg2+ 42. Kf4 Qg4# 0-1

[Event "World Blitz 2025"]
[Site "Doha QAT"]
[Date "2025.12.29"]
[Round "5.22"]
[White "Jobava, Baadur"]
[Black "Makhnev, Denis"]
[Result "0-1"]
[WhiteTitle "GM"]
[BlackTitle "GM"]
[WhiteElo "2568"]
[BlackElo "2532"]
[WhiteFideId "13601520"]
[BlackFideId "13707647"]
[EventDate "2025.12.29"]

1. c4 e6 2. d4 d5 3. Nc3 Nf6 4. Bf4 Bd6 5. Bg3 O-O 6. e3 a6 7. c5 Bxg3 8. hxg3
b6 9. cxb6 cxb6 10. Bd3 h6 11. g4 Nc6 12. g5 hxg5 13. Nf3 g6 14. Nxg5 e5 15.
dxe5 Nxe5 16. Be2 Ne4 17. Ngxe4 dxe4 18. Qd5 Qxd5 19. Nxd5 Kg7 20. Rc1 Rb8 21.
O-O Rd8 22. Rfd1 Be6 23. Nc3 a5 24. Kf1 f5 25. Ke1 Kf6 26. b3 Ke7 27. Na4 Rxd1+
28. Kxd1 Bd7 29. Nc3 Bc6 30. Rc2 Rh8 31. g3 Rh1+ 32. Kd2 Rh2 33. Nd1 Kd6 34. Rc3
b5 35. Rc1 b4 36. Ke1 Nd3+ 37. Bxd3 exd3 38. Rc4 Bf3 39. Rd4+ Ke5 40. Nb2 d2+
41. Kxd2 Rxf2+ 42. Kc1 Be4 43. Nc4+ Kf6 44. Nxa5 Rxa2 45. Nc4 Rg2 46. Nd2 Bc6
47. Rxb4 Bd5 48. Rd4 Be6 49. b4 Rxg3 50. Rd3 Rg4 51. Rd4 Rxd4 52. exd4 Bd5 53.
Nb1 g5 54. Nc3 Bb7 55. Kd2 f4 56. b5 g4 57. b6 g3 58. Ke1 f3 59. d5 f2+ 60. Ke2
Ba6+ 61. Ke3 f1=Q 0-1

[Event "World Blitz 2025"]
[Site "Doha QAT"]
[Date "2025.12.29"]
[Round "5.23"]
[White "Bai, Jinshi"]
[Black "Sadhwani, Raunak"]
[Result "0-1"]
[WhiteTitle "GM"]
[BlackTitle "GM"]
[WhiteElo "2599"]
[BlackElo "2638"]
[WhiteFideId "8602280"]
[BlackFideId "35093487"]
[EventDate "2025.12.29"]

1. Nf3 d5 2. g3 Nd7 3. d4 Nb6 4. Nc3 Bf5 5. a4 a5 6. Nh4 Bg4 7. h3 Bh5 8. Ng2 e6
9. Nf4 Bg6 10. Bg2 Nf6 11. Nxg6 hxg6 12. e4 dxe4 13. Nxe4 Nxe4 14. Bxe4 c6 15.
c3 g5 16. Bg2 Be7 17. O-O Bf6 18. Qe2 Nd5 19. Bd2 Kf8 20. Rfe1 g6 21. Qg4 Kg7
22. Rad1 Qb6 23. Bxg5 Qxb2 24. c4 Nc3 25. Rd2 Qb4 26. Bxf6+ Kxf6 27. d5 cxd5 28.
Qd4+ Ke7 29. Re3 Nxa4 30. Bxd5 Qb1+ 31. Rd1 Qb2 32. Qf4 Rhd8 33. Rde1 Ra6 34.
Rf3 Qg7 35. Bxb7 Rad6 36. Re5 Rd4 37. Qe3 Rd3 38. Qf4 R8d4 39. Re4 Rd1+ 40. Kg2
Nc5 41. Qc7+ Nd7 42. Ree3 R4d2 43. c5 Qa1 44. h4 Rg1+ 45. Kh3 Rh1+ 46. Kg4 f5+
47. Kf4 Qd4+ 48. Be4 fxe4 49. Rxe4 Qxc5 50. Qb7 Qf5+ 51. Ke3 Rd3+ 52. Kxd3 Qxf3+
53. Kc2 Qxf2+ 0-1

[Event "World Blitz 2025"]
[Site "Doha QAT"]
[Date "2025.12.29"]
[Round "5.24"]
[White "Murzin, Volodar"]
[Black "Nogerbek, Kazybek"]
[Result "1-0"]
[WhiteTitle "GM"]
[BlackTitle "GM"]
[WhiteElo "2648"]
[BlackElo "2539"]
[WhiteFideId "44155573"]
[BlackFideId "13710427"]
[EventDate "2025.12.29"]

1. Nf3 d5 2. g3 c5 3. Bg2 Nc6 4. O-O e5 5. d3 Be7 6. e4 d4 7. a4 Be6 8. Na3 h6
9. Nd2 g5 10. Ndc4 Nf6 11. f4 gxf4 12. gxf4 Nd7 13. Qh5 Nf6 14. Qf3 Rg8 15. Kh1
Nd7 16. Bh3 Bxc4 17. Nxc4 Qc7 18. Bxd7+ Qxd7 19. fxe5 O-O-O 20. Bf4 Qe6 21. Bg3
Rg7 22. Qf5 Rdg8 23. Rf2 h5 24. Nd6+ Kd7 25. Raf1 h4 26. Bf4 b6 27. Qh5 Rg6 28.
Nf5 Kc8 29. Nxe7+ Qxe7 30. Qf5+ Qe6 31. h3 Ne7 32. Qxe6+ fxe6 33. Bh2 Nc6 34.
Rf6 Nb4 35. R1f2 R8g7 36. Rf8+ Kd7 37. Rh8 Kc6 38. Rxh4 c4 39. dxc4 d3 40. cxd3
Nxd3 41. Rd2 Rf7 42. Bg1 Nxe5 43. Rg2 Rxg2 44. Kxg2 Rg7+ 45. Kf2 Nd3+ 46. Kf1
Nxb2 47. Rh6 Kd7 48. c5 bxc5 49. Bxc5 a5 50. Bd4 Rf7+ 51. Ke2 Nc4 52. Rh5 Nd6
53. Rxa5 Kc8 54. Ra8+ Kc7 55. Ra7+ Nb7 56. a5 Kc6 57. a6 Rf4 58. Rxb7 Rxe4+ 1-0

[Event "World Blitz 2025"]
[Site "Doha QAT"]
[Date "2025.12.29"]
[Round "5.25"]
[White "Bharath, Subramaniyam H"]
[Black "Radjabov, Teimour"]
[Result "0-1"]
[WhiteTitle "GM"]
[BlackTitle "GM"]
[WhiteElo "2576"]
[BlackElo "2692"]
[WhiteFideId "46634827"]
[BlackFideId "13400924"]
[EventDate "2025.12.29"]

1. e4 e5 2. Nf3 Nc6 3. Bc4 Bc5 4. d3 h6 5. O-O d6 6. c3 Bb6 7. a4 a6 8. Re1 Nge7
9. Nbd2 Ng6 10. Bb3 Qf6 11. Nc4 Ba7 12. Ne3 O-O 13. Nd5 Qd8 14. Be3 Bxe3 15.
Nxe3 Re8 16. Bc2 a5 17. d4 b6 18. Qd2 Bb7 19. Rad1 Nf4 20. g3 Ng6 21. Bb1 Qd7
22. Nf5 Rad8 23. h4 Nf8 24. Bd3 exd4 25. cxd4 Ne7 26. Nxe7+ Rxe7 27. b3 Qg4 28.
Nh2 Qg6 29. d5 Re5 30. Nf3 Ree8 31. Nd4 Nd7 32. e5 Qg4 33. Re4 Qh5 34. e6 fxe6
35. Nxe6 Ne5 36. Be2 Qg6 37. Rxe5 dxe5 38. Nxd8 Rxd8 39. Bc4 Kh8 40. Qe3 Qd6 41.
Re1 Re8 42. Qe4 Qf6 43. Bd3 Kg8 44. Qh7+ Kf7 45. Bc4 Ke7 46. Qe4 Kd8 47. Qd3 Qd6
48. Re3 Kc8 49. Qf5+ Kb8 50. Qf7 Re7 51. Qf5 Ka7 52. Qe4 g5 53. h5 Qd7 54. Rd3
Qd6 55. Rd1 Rf7 56. Rd2 Bc8 57. Qe3 Re7 58. Bf1 e4 59. Bg2 Bf5 60. Rd1 Kb8 61.
Qd4 Bg4 62. Re1 Bf3 63. Re3 g4 64. Qh8+ Kb7 65. Qd4 Qa3 66. Bxf3 exf3 67. Rxe7
Qxe7 68. Qd1 Qe2 69. Qc1 Qd3 70. Kh2 Kb8 71. d6 Qxd6 72. Qc4 Qd2 73. Kg1 Qe1+
74. Qf1 Qxf1+ 75. Kxf1 b5 76. axb5 Kb7 77. Ke1 Kb6 78. Kd2 Kxb5 79. Kc2 Kb4 80.
Kb2 c5 81. Kc2 c4 0-1

[Event "World Blitz 2025"]
[Site "Doha QAT"]
[Date "2025.12.29"]
[Round "5.26"]
[White "Maksimovic, Bojan"]
[Black "Iturrizaga Bonelli, Eduardo"]
[Result "1-0"]
[WhiteTitle "GM"]
[BlackTitle "GM"]
[WhiteElo "2533"]
[BlackElo "2592"]
[WhiteFideId "14408120"]
[BlackFideId "3901211"]
[EventDate "2025.12.29"]

1. d4 Nf6 2. Bg5 d5 3. Nd2 Nbd7 4. Ngf3 e6 5. e3 Be7 6. Bd3 c5 7. c3 O-O 8. O-O
b6 9. Ne5 Bb7 10. f4 Ne4 11. Bxe7 Qxe7 12. Qc2 Ndf6 13. g4 Nxd2 14. Qxd2 Ne4 15.
Qg2 f6 16. Nf3 a5 17. g5 Kh8 18. Rfe1 Ba6 19. Bc2 Rac8 20. Kh1 b5 21. a3 Bb7 22.
Rg1 f5 23. Bxe4 dxe4 24. Ne5 cxd4 25. cxd4 Rc7 26. Rgc1 Rfc8 27. Qd2 Bd5 28. b4
a4 29. Rc5 Rxc5 30. bxc5 Kg8 31. Qb4 Qe8 32. Rb1 Bb3 33. Qd2 Qh5 34. Rc1 h6 35.
gxh6 Qxh6 36. Rg1 Qh3 37. Qf2 Bd5 38. Rg3 Qh5 39. Qe1 Rb8 40. Nd7 Rf8 41. Nxf8
Kxf8 42. Kg2 Kg8 43. h3 Kh7 1-0

[Event "World Blitz 2025"]
[Site "Doha QAT"]
[Date "2025.12.29"]
[Round "5.27"]
[White "Karthik, Venkataraman"]
[Black "Gukesh, D"]
[Result "0-1"]
[WhiteTitle "GM"]
[BlackTitle "GM"]
[WhiteElo "2589"]
[BlackElo "2754"]
[WhiteFideId "25006479"]
[BlackFideId "46616543"]
[EventDate "2025.12.29"]

1. e4 c6 2. d4 d5 3. Nd2 dxe4 4. Nxe4 Nf6 5. Nxf6+ exf6 6. c3 Bd6 7. Bd3 O-O 8.
Ne2 Re8 9. O-O Na6 10. Ng3 g6 11. Bh6 f5 12. Qd2 Nc7 13. Rfe1 Be6 14. Bg5 Qd7
15. h4 c5 16. Nh5 gxh5 17. Bf6 f4 18. dxc5 Be7 19. Bd4 Bf5 20. Re5 Bxd3 21. Qxd3
Qg4 22. f3 Qg6 23. Qd2 Ne6 24. Rae1 Bxh4 25. R1e4 Bf6 26. Rd5 Ng5 27. Rxe8+ Rxe8
28. Kh1 Qb1+ 29. Kh2 Re1 30. Qxf4 Rh1+ 31. Kg3 Qe1+ 32. Bf2 Qe7 33. Bd4 Qe1+ 34.
Bf2 Qe7 35. Bd4 h4+ 36. Kg4 Qe6+ 37. Rf5 Bxd4 38. Qxg5+ Bg7 39. Qd8+ Bf8 40. Kf4
h6 41. Re5 Qg6 42. Re8 Qg7 43. Qd5 Qf6+ 44. Kg4 Qg6+ 45. Kf4 Qg3+ 46. Kf5 Qg5+ 0-1

[Event "World Blitz 2025"]
[Site "Doha QAT"]
[Date "2025.12.29"]
[Round "5.28"]
[White "Smirnov, Mark"]
[Black "Safarli, Eltaj"]
[Result "0-1"]
[WhiteTitle "FM"]
[BlackTitle "GM"]
[WhiteElo "2420"]
[BlackElo "2644"]
[WhiteFideId "13764594"]
[BlackFideId "13402129"]
[EventDate "2025.12.29"]

1. Nf3 Nf6 2. b3 g6 3. Bb2 Bg7 4. g3 d5 5. c4 Nc6 6. cxd5 Qxd5 7. Bg2 O-O 8. Nc3
Qh5 9. h3 Rd8 10. g4 Qa5 11. a3 h5 12. b4 Qb6 13. Na4 Qb5 14. g5 Ne4 15. Bxg7
Kxg7 16. h4 a5 17. O-O axb4 18. axb4 Qxb4 19. d3 Bg4 20. Qc2 Bxf3 21. Bxf3 Nd4
22. Qxc7 Nxf3+ 23. exf3 Nd2 24. Nb6 Nxf3+ 25. Kg2 Qg4+ 26. Qg3 Nxh4+ 27. Kh1
Qxg3 28. fxg3 Rxa1 29. Rxa1 Nf5 0-1

[Event "World Blitz 2025"]
[Site "Doha QAT"]
[Date "2025.12.29"]
[Round "5.29"]
[White "Narayanan, S.L."]
[Black "Madaminov, Mukhiddin"]
[Result "1/2-1/2"]
[WhiteTitle "GM"]
[BlackTitle "GM"]
[WhiteElo "2616"]
[BlackElo "2552"]
[WhiteFideId "5058422"]
[BlackFideId "14210703"]
[EventDate "2025.12.29"]

1. d4 d5 2. c4 e6 3. Nf3 Nf6 4. Nc3 Bb4 5. Qa4+ Nc6 6. a3 Bxc3+ 7. bxc3 Ne4 8.
Qc2 O-O 9. e3 b6 10. cxd5 exd5 11. c4 Na5 12. cxd5 Qxd5 13. Bd3 Bb7 14. O-O Rac8
15. Bb2 c5 16. dxc5 Rxc5 17. Qe2 Ng5 18. e4 Nxf3+ 19. Qxf3 Qe6 20. Rad1 Re8 21.
Qg3 Qg6 22. Qxg6 hxg6 23. f3 Rec8 24. Rc1 Nc4 25. Bxc4 Rxc4 26. Rxc4 Rxc4 27.
Rc1 1/2-1/2

[Event "World Blitz 2025"]
[Site "Doha QAT"]
[Date "2025.12.29"]
[Round "5.30"]
[White "Sklokin, Sergey"]
[Black "Pranav, V"]
[Result "0-1"]
[WhiteTitle "FM"]
[BlackTitle "GM"]
[WhiteElo "2407"]
[BlackElo "2641"]
[WhiteFideId "55730230"]
[BlackFideId "25060783"]
[EventDate "2025.12.29"]

1. e4 e5 2. Nf3 Nc6 3. Bc4 Nf6 4. d3 h6 5. c3 d6 6. a4 g6 7. Qb3 Qe7 8. a5 a6 9.
O-O Bg7 10. h3 O-O 11. Be3 Rb8 12. Nbd2 Kh7 13. Qc2 Be6 14. Bxe6 Qxe6 15. Rfe1
Rfe8 16. d4 exd4 17. Nxd4 Qd7 18. Nxc6 Qxc6 19. Bd4 Re6 20. Re2 Rbe8 21. Rae1
Qb5 22. b4 d5 23. e5 Nh5 24. Nf3 Nf4 25. Re3 Kg8 26. Kh2 Rc6 27. g3 Ne6 28. Qd2
b6 29. axb6 cxb6 30. h4 h5 31. Ng5 Bh6 32. f4 Bxg5 33. hxg5 a5 34. bxa5 bxa5 35.
Qf2 Ng7 36. R3e2 Nf5 37. e6 Rcxe6 38. Rxe6 fxe6 39. Bf6 Qb7 40. Qe2 Kf7 41. Kh3
Qd7 42. Kh2 Rb8 43. Qa2 a4 44. Re2 Nd6 45. Be5 Ra8 46. Qd2 Nc4 47. Qd4 Qa7 48.
Qd3 a3 49. Bd4 Qd7 50. Ra2 Rb8 51. Ra1 Rb2+ 52. Kg1 a2 53. Qf3 Rb1+ 54. Kg2 Rxa1
55. f5 exf5 56. g4 hxg4 57. Qg3 Rg1+ 58. Bxg1 a1=Q 59. Qh4 Qb2+ 60. Kh1 Qxc3 61.
Bd4 Qh3+ 0-1

[Event "World Blitz 2025"]
[Site "Doha QAT"]
[Date "2025.12.29"]
[Round "5.31"]
[White "Aronian, Levon"]
[Black "Raja, Rithvik R"]
[Result "1-0"]
[WhiteTitle "GM"]
[BlackTitle "GM"]
[WhiteElo "2729"]
[BlackElo "2541"]
[WhiteFideId "13300474"]
[BlackFideId "35007394"]
[EventDate "2025.12.29"]

1. e4 c5 2. Nf3 d6 3. Bc4 Nf6 4. d3 g6 5. O-O Bg7 6. Re1 O-O 7. a4 Nc6 8. h3 d5
9. exd5 Nxd5 10. c3 e6 11. Bg5 Nde7 12. Nbd2 h6 13. Bh4 Qc7 14. Bg3 Qb6 15. Bd6
Qxb2 16. Ne4 Qb6 17. Bxc5 Qc7 18. a5 Rd8 19. Qa4 Rb8 20. Bb5 Nd5 21. Bxc6 bxc6
22. d4 Ba6 23. Qa3 Qd7 24. Ne5 Qc7 25. Bd6 Rxd6 26. Qxd6 Qxd6 27. Nxd6 Nxc3 28.
Nxc6 Rb2 29. Kh1 Rxf2 30. Rac1 Ne2 31. Rcd1 Nc3 32. Rc1 Ne2 33. Rb1 Nxd4 34.
Rb8+ Kh7 35. Nxd4 Bxd4 36. Rf8 Kg7 37. Rd8 Bc5 38. Ne4 Rc2 39. Rd7 Bb4 40. Rb1
Bxa5 41. Ra1 Bc7 42. Rxc7 Rxc7 43. Rxa6 Rd7 44. Kh2 Rb7 45. Nc5 Rc7 46. Ne4 Rb7
47. Kg3 Rb4 48. Kf3 Rb7 49. h4 Rc7 50. g3 Rb7 51. Ra5 Rc7 52. Nd6 Rd7 53. Nc8
Rc7 54. Nxa7 Kf6 55. Ra4 Rc3+ 56. Kg2 Rc5 57. Rb4 Rc7 58. Nb5 Rb7 59. Rf4+ Kg7
60. Nd6 Rd7 61. Ne8+ Kf8 62. Nf6 Ra7 63. Rb4 Kg7 64. Ne4 Rc7 65. g4 Ra7 66. g5
hxg5 67. hxg5 Ra5 68. Kf3 Ra1 69. Rb7 Rf1+ 70. Kg4 Rg1+ 71. Kf4 Kf8 72. Nf6 Rf1+
73. Ke5 Rf5+ 74. Kd6 Ra5 75. Rb8+ 1-0

[Event "World Blitz 2025"]
[Site "Doha QAT"]
[Date "2025.12.29"]
[Round "5.32"]
[White "Petrov, Nikita"]
[Black "So, Wesley"]
[Result "0-1"]
[WhiteTitle "GM"]
[BlackTitle "GM"]
[WhiteElo "2578"]
[BlackElo "2753"]
[WhiteFideId "4101286"]
[BlackFideId "5202213"]
[EventDate "2025.12.29"]

1. d4 Nf6 2. c4 e6 3. Nc3 d5 4. Bg5 dxc4 5. e3 c5 6. Bxf6 Qxf6 7. d5 a6 8. Bxc4
b5 9. dxe6 Bxe6 10. Bxe6 Qxe6 11. Nge2 Bd6 12. Qd5 Qxd5 13. Nxd5 Nc6 14. Nec3
Be5 15. f4 Bxc3+ 16. bxc3 O-O-O 17. O-O-O Rhe8 18. Kc2 Na5 19. Rhe1 f5 20. h3
Nc4 21. g4 g6 22. gxf5 gxf5 23. Kb3 Na5+ 24. Kc2 Nc4 25. Kb3 Kb7 26. Rg1 Rd7 27.
Rg5 Rf8 28. Rh5 Nb6 29. e4 fxe4 30. Ne3 Rxd1 31. Nxd1 Rf7 32. Ne3 Rd7 33. Re5
Rd2 34. Rxe4 Na4 35. Re7+ Kb6 36. Re6+ Ka5 37. Rc6 Rb2+ 38. Ka3 Rb1 39. Nc2 Rc1
40. Kb3 c4+ 41. Ka3 Rxc2 0-1

[Event "World Blitz 2025"]
[Site "Doha QAT"]
[Date "2025.12.29"]
[Round "5.34"]
[White "Ponkratov, Pavel"]
[Black "Duda, Jan-Krzysztof"]
[Result "0-1"]
[WhiteTitle "GM"]
[BlackTitle "GM"]
[WhiteElo "2587"]
[BlackElo "2729"]
[WhiteFideId "4157800"]
[BlackFideId "1170546"]
[EventDate "2025.12.29"]

1. Nf3 d5 2. g3 Nc6 3. d4 Bf5 4. Bg2 Nb4 5. Na3 e6 6. O-O Be7 7. Ne5 c6 8. c3
Na6 9. Nc2 h6 10. Ne3 Bh7 11. c4 Nf6 12. Qa4 Nc7 13. Bd2 O-O 14. Ba5 Qb8 15.
Rac1 Nce8 16. c5 Qc8 17. h4 Ne4 18. Be1 Nc7 19. f3 Nf6 20. Bh3 Nd7 21. b4 Nxe5
22. dxe5 a5 23. bxa5 Na6 24. Qd4 Qb8 25. Bf2 Qa7 26. Ng4 Bf5 27. Kg2 Nc7 28. Be1
Rfd8 29. h5 Bf8 30. Nh2 Bh7 31. f4 Nb5 32. Qb4 d4 33. f5 exf5 34. Bxf5 Bxf5 35.
Rxf5 Rd5 36. Ng4 Re8 37. Qd2 Rxc5 38. Rxc5 Qxc5 39. Bf2 Qd5+ 40. Kh2 Qe6 41. Rf4
c5 42. Qd3 Nc7 43. Qf3 Nd5 44. Rf5 Be7 45. e4 Nc3 46. Nxh6+ gxh6 0-1

[Event "World Blitz 2025"]
[Site "Doha QAT"]
[Date "2025.12.29"]
[Round "5.35"]
[White "Warmerdam, Max"]
[Black "Niemann, Hans Moke"]
[Result "0-1"]
[WhiteTitle "GM"]
[BlackTitle "GM"]
[WhiteElo "2573"]
[BlackElo "2725"]
[WhiteFideId "1048104"]
[BlackFideId "2093596"]
[EventDate "2025.12.29"]

1. Nf3 Nf6 2. c4 c5 3. g3 Nc6 4. Bg2 d5 5. cxd5 Nxd5 6. Nc3 Nc7 7. a3 g6 8. d3
Bg7 9. Be3 Nd4 10. Rc1 O-O 11. O-O Rb8 12. b4 Nxf3+ 13. Bxf3 Bh3 14. Re1 cxb4
15. axb4 Bxc3 16. Rxc3 Nd5 17. Bxd5 Qxd5 18. f3 b6 19. Qa1 f6 20. Rc7 Rb7 21.
Rec1 Kf7 22. Kf2 Be6 23. h4 Ra8 24. Qa6 Rab8 25. Qa4 Rxc7 26. Rxc7 Rb7 27. Rc1
Qf5 28. b5 Rd7 29. Ra1 Qh3 30. Rg1 Rc7 31. Qf4 Rc2 32. Bd2 Rb2 33. Qh6 Kg8 34.
Qe3 Rxb5 35. g4 Re5 36. Qf4 Qxh4+ 37. Kf1 Qh3+ 38. Kf2 g5 39. Qg3 Qxg3+ 40. Rxg3
a5 41. Rg1 a4 42. Bb4 Rb5 43. Bxe7 Kf7 44. Bd6 Rb3 45. Rh1 Kg6 46. Rc1 b5 47.
Rc6 Kf7 48. Rc7+ Kg6 49. Rc6 Bd5 50. Ra6 Kf7 51. Bc5 Rb2 52. Bd4 Rc2 53. Rxf6+
Ke7 54. Ra6 Kd7 55. Ke3 Bc6 56. Bf6 b4 57. Rb6 b3 58. f4 gxf4+ 59. Kxf4 Rxe2 60.
g5 Kd6 61. Rb8 Bd5 62. Rb6+ Kc5 63. Ra6 Kb5 64. Rd6 Bc6 65. Rd8 Bb7 66. Rd7 Bc6
67. Rxh7 b2 68. Bxb2 Rxb2 69. g6 Rg2 70. Kf5 a3 71. Ra7 Kb4 72. Kf6 a2 73. g7
Bd5 74. d4 Rg1 0-1

[Event "World Blitz 2025"]
[Site "Doha QAT"]
[Date "2025.12.29"]
[Round "5.36"]
[White "Lobanov, Sergei"]
[Black "Giri, Anish"]
[Result "1/2-1/2"]
[WhiteTitle "GM"]
[BlackTitle "GM"]
[WhiteElo "2527"]
[BlackElo "2760"]
[WhiteFideId "24183750"]
[BlackFideId "24116068"]
[EventDate "2025.12.29"]

1. d4 Nf6 2. c4 e6 3. Nc3 Bb4 4. e3 O-O 5. Bd3 d5 6. a3 dxc4 7. Bxc4 Bd6 8. Nf3
Nc6 9. Qc2 e5 10. h3 Bd7 11. O-O Qc8 12. Nd5 Nxd5 13. Bxd5 exd4 14. exd4 Ne7 15.
Be4 Bf5 16. Bg5 Bxe4 17. Qxe4 Qf5 18. Qxf5 Nxf5 19. g4 f6 20. gxf5 fxg5 21. Nxg5
Rxf5 22. Ne4 Rd5 23. Nxd6 Rxd6 24. Rad1 Rad8 25. Rfe1 Rxd4 26. Rxd4 Rxd4 27.
Re8+ Kf7 28. Rb8 b6 29. Rb7 Rc4 30. Rxa7 Ke6 31. b3 Rc3 32. a4 Kd6 33. b4 Rxh3
34. a5 bxa5 35. bxa5 Ra3 36. Kf1 g5 37. Ra8 Kc6 38. a6 h6 39. Rh8 Rxa6 1/2-1/2

[Event "World Blitz 2025"]
[Site "Doha QAT"]
[Date "2025.12.29"]
[Round "5.37"]
[White "Martinez Alcantara, Jose Eduardo"]
[Black "Gurel, Ediz"]
[Result "0-1"]
[WhiteTitle "GM"]
[BlackTitle "GM"]
[WhiteElo "2667"]
[BlackElo "2645"]
[WhiteFideId "3805662"]
[BlackFideId "44507356"]
[EventDate "2025.12.29"]

1. b3 Nf6 2. Bb2 d5 3. Nf3 Bf5 4. g3 h6 5. Bg2 e6 6. d3 Be7 7. Nbd2 O-O 8. O-O
c6 9. Ne5 Nbd7 10. e4 Bh7 11. Qe2 a5 12. a4 Nxe5 13. Bxe5 Nd7 14. Bb2 Bf6 15. d4
Qb6 16. c3 dxe4 17. Bxe4 Bxe4 18. Nxe4 Be7 19. Nd2 Rfe8 20. Rab1 Rad8 21. c4 c5
22. Nf3 Qxb3 23. d5 exd5 24. Bxg7 Qxc4 25. Qxc4 dxc4 26. Bxh6 c3 27. Rfc1 Bf6
28. Rxb7 c4 29. Be3 Rxe3 30. fxe3 Nc5 31. Rb6 Nb3 32. Rc2 Na1 33. Rc1 c2 34. Kf2
Rd1 35. Rxc2 Nxc2 36. Rxf6 Nb4 37. Ke2 Ra1 38. Nd4 c3 39. Rf5 Rxa4 40. Rg5+ Kf8
41. Rc5 Ra2+ 42. Kf1 c2 43. Ne2 a4 44. Rc8+ Kg7 45. g4 a3 46. h4 Rb2 0-1

[Event "World Blitz 2025"]
[Site "Doha QAT"]
[Date "2025.12.29"]
[Round "5.38"]
[White "Ivanchuk, Vasyl"]
[Black "Vetokhin, Savva"]
[Result "0-1"]
[WhiteTitle "GM"]
[BlackTitle "GM"]
[WhiteElo "2607"]
[BlackElo "2572"]
[WhiteFideId "14100010"]
[BlackFideId "44144474"]
[EventDate "2025.12.29"]

1. d4 Nf6 2. c4 e6 3. Nc3 Bb4 4. Qc2 c5 5. dxc5 O-O 6. a3 Bxc5 7. Bf4 e5 8. Bg3
Bd4 9. e3 Bxc3+ 10. Qxc3 Nc6 11. Bd3 d5 12. Ne2 dxc4 13. Qxc4 Be6 14. Qc2 Qa5+
15. Qc3 Rfd8 16. Rd1 Qb6 17. b4 Rac8 18. Qb2 e4 19. Bc2 Bc4 20. Nc3 Rxd1+ 21.
Bxd1 Ne7 22. Be2 Bd3 23. Be5 Qe6 24. Bd4 Nf5 25. Bxd3 exd3 26. O-O Nxd4 27. exd4
Qc4 28. Na2 Ne4 29. f3 d2 30. Rb1 Qe2 0-1